000 00332nam a22001457a 4500
008 210310b ||||| |||| 00| 0 eng d
020 _a0801610389
041 _aeng
080 _a004
082 _a004
100 _a11
101 _aBIO
245 _aAssistive Technologies: Principles and Practice
_cCook,M.A
942 _2udc
_cBK
999 _c56210
_d56210